[Event "HUN-chT2 Erkel 1011"]
[Site "Hungary"]
[Date "2010.10.10"]
[Round "3.5"]
[White "Pesztericz, Laszlo"]
[Black "Pfeifer, Tamas"]
[Result "1/2-1/2"]
[WhiteElo "2128"]
[BlackElo "2119"]
[PlyCount "75"]
[EventDate "2010.09.12"]
[EventType "team-tourn"]
[EventRounds "11"]
[EventCountry "HUN"]
[SourceTitle "EXT 2012"]
[Source "ChessBase"]
[SourceDate "2011.11.24"]
[SourceVersion "1"]
[SourceVersionDate "2011.11.24"]
[SourceQuality "1"]
[WhiteTeam "Honved"]
[BlackTeam "Pestszentlorinc"]
[WhiteTeamCountry "HUN"]
[BlackTeamCountry "HUN"]

1. e4 c5 2. Nc3 Nc6 3. g3 g6 4. Bg2 Bg7 5. d3 e6 6. Be3 Nd4 7. Qd2 Qa5 8. Nge2 Ne7 9. Nc1 Nec6 10. 0-0 d6 11. Nb3 Qc7 12. Nxd4 cxd4 13. Nb5 Qe7 14. Bh6 0-0 15. Bxg7 Kxg7 16. c3 dxc3 17. Nxc3 Nd4 18. Ne2 Nxe2+ 19. Qxe2 Bd7 20. d4 a6 21. Rfc1 Rac8 22. Qd2 Rxc1+ 23. Rxc1 Rc8 24. Rxc8 Bxc8 25. Qc3 Qd8 26. h4 h5 27. e5 d5 28. Bf1 Bd7 29. Qc5 Bc8 30. b4 Kg8 31. a4 Kg7 32. Kg2 Kg8 33. Bd3 Kg7 34. a5 Bd7 35. Kf3 Qe8 36. Ke3 Bc6 37. Qb6 Qd7 38. Qc5 1/2-1/2

[Event "HUN-chT2 Erkel 0910"]
[Site "Hungary"]
[Date "2010.04.11"]
[Round "9.7"]
[White "Koszegi, Lajos"]
[Black "Pfeifer, Tamas"]
[Result "1-0"]
[WhiteElo "2071"]
[BlackElo "2150"]
[PlyCount "81"]
[EventDate "2009.11.08"]
[EventType "team-tourn"]
[EventRounds "11"]
[EventCountry "HUN"]
[SourceTitle "EXT 2011"]
[Source "ChessBase"]
[SourceDate "2010.11.26"]
[SourceVersion "1"]
[SourceVersionDate "2010.11.26"]
[SourceQuality "1"]
[WhiteTeam "Godollo"]
[BlackTeam "Pestszentlorinc"]
[WhiteTeamCountry "HUN"]
[BlackTeamCountry "HUN"]

1. e4 c5 2. Nc3 Nc6 3. f4 e6 4. Nf3 d6 5. Bb5 Be7 6. 0-0 Qc7 7. d3 Bd7 8. a4 Nf6 9. Bc4 0-0 10. Qe1 Nb4 11. Bb3 Bc6 12. Qg3 Rfe8 13. f5 e5 14. Bxf7+ Kxf7 15. Ng5+ Kg8 16. Ne6 Nh5 17. Qg4 Qd7 18. Qxh5 Nxc2 19. Rb1 Nb4 20. Nxg7 Kxg7 21. f6+ Bxf6 22. Bh6+ Kh8 23. Rxf6 Rg8 24. Rbf1 Rae8 25. Rf7 Qg4 26. Rxh7+ Kxh7 27. Rf7+ Rg7 28. Rxg7+ Qxg7 29. Bxg7+ Kxg7 30. Qg5+ Kf7 31. Qh6 Re6 32. Qh7+ Kf8 33. h4 Rf6 34. Nd5 Bxd5 35. exd5 Nc2 36. Kh2 Rf7 37. Qh8+ Ke7 38. Qc8 Nd4 39. Qc7+ Kf6 40. Qxd6+ Kf5 41. g3 1-0

[Event "HUN-chT2 Erkel 0910"]
[Site "Hungary"]
[Date "2009.12.20"]
[Round "4.7"]
[White "Kiraly, Zoltan"]
[Black "Pfeifer, Tamas"]
[Result "1/2-1/2"]
[WhiteElo "2024"]
[BlackElo "2150"]
[PlyCount "119"]
[EventDate "2009.11.08"]
[EventType "team-tourn"]
[EventRounds "11"]
[EventCountry "HUN"]
[SourceTitle "EXT 2011"]
[Source "ChessBase"]
[SourceDate "2010.11.26"]
[SourceVersion "1"]
[SourceVersionDate "2010.11.26"]
[SourceQuality "1"]
[WhiteTeam "Dunaharaszti"]
[BlackTeam "Pestszentlorinc"]
[WhiteTeamCountry "HUN"]
[BlackTeamCountry "HUN"]

1. d4 Nf6 2. c4 g6 3. Nc3 Bg7 4. e4 d6 5. Nge2 0-0 6. Ng3 Nbd7 7. Be2 e5 8. d5 a5 9. h4 h6 10. h5 g5 11. f3 Nc5 12. Nf1 c6 13. Ne3 cxd5 14. Nexd5 Nxd5 15. cxd5 f5 16. Be3 b6 17. a3 f4 18. Bf2 Rf7 19. b4 Nd7 20. Bb5 Nf6 21. Bc6 Bb7 22. b5 Bf8 23. Rb1 Rb8 24. Qe2 Bc8 25. Kd2 Rg7 26. Rbg1 Be7 27. g4 fxg3 28. Rxg3 Qf8 29. Be3 Qf7 30. Qh2 Kh7 31. Ke2 g4 32. Kd3 gxf3 33. Rxf3 Bg4 34. Rff1 Rgg8 35. Na4 Bd8 36. Qf2 Qg7 37. Nxb6 Bxb6 38. Qxf6 Bxe3 39. Kxe3 Qa7+ 40. Kd2 Qd4+ 41. Kc2 Qxe4+ 42. Kb2 Qd4+ 43. Kc2 Qc4+ 44. Kb2 Qd4+ 45. Kc2 Bxh5 46. Qf2 Qe4+ 47. Kc1 Bg6 48. Qh2 Qb1+ 49. Kd2 Qc2+ 50. Ke1 Qc1+ 51. Ke2 Qc2+ 52. Ke1 Qc1+ 53. Ke2 Qc2+ 54. Ke1 Qb1+ 55. Ke2 Qd3+ 56. Ke1 Qe3+ 57. Kd1 Qb3+ 58. Ke1 Qb1+ 59. Ke2 Qc2+ 60. Ke1 1/2-1/2

[Event "HUN-chT2 Erkel 0910"]
[Site "Hungary"]
[Date "2009.11.08"]
[Round "1.7"]
[White "Pfeifer, Tamas"]
[Black "Tomosvary, Attila"]
[Result "0-1"]
[WhiteElo "2150"]
[BlackElo "2126"]
[PlyCount "132"]
[EventDate "2009.11.08"]
[EventType "team-tourn"]
[EventRounds "11"]
[EventCountry "HUN"]
[SourceTitle "EXT 2011"]
[Source "ChessBase"]
[SourceDate "2010.11.26"]
[SourceVersion "1"]
[SourceVersionDate "2010.11.26"]
[SourceQuality "1"]
[WhiteTeam "Pestszentlorinc"]
[BlackTeam "Vizugy"]
[WhiteTeamCountry "HUN"]
[BlackTeamCountry "HUN"]

1. e4 g6 2. d4 Bg7 3. Nc3 c6 4. Be3 d6 5. Qd2 Nd7 6. g3 Ngf6 7. h3 Qc7 8. Bg2 e6 9. Nge2 b5 10. a3 Bb7 11. 0-0 a6 12. f4 0-0-0 13. Nd1 c5 14. Nf2 d5 15. e5 Ne8 16. a4 c4 17. axb5 axb5 18. b3 Bf8 19. bxc4 Qxc4 20. Rfd1 Nc7 21. Bf1 b4 22. c3 Nb6 23. cxb4 Qc6 24. Nd3 Nb5 25. Nc5 Nc4 26. Qd3 Be7 27. Nc3 Kc7 28. Ra5 Nxc3 29. Qxc3 Ra8 30. Raa1 Rxa1 31. Rxa1 Ra8 32. Bxc4 dxc4 33. Nxb7 Kxb7 34. Rxa8 Kxa8 35. Qa3+ Kb7 36. d5 Qa6 37. Qxa6+ Kxa6 38. d6 Bd8 39. Kf1 Kb5 40. Bc5 c3 41. Ke2 Kc4 42. d7 h6 43. h4 h5 44. Kd1 Kd3 45. Kc1 c2 46. Bd6 Bb6 47. Bc5 Bd8 48. Bd6 Bb6 49. Bc5 Bd8 50. b5 Ba5 51. d8Q+ Bxd8 52. b6 f6 53. b7 Ba5 54. Be3 Bb4 55. Kb2 Ba3+ 56. Kxa3 Kxe3 57. b8Q c1Q+ 58. Ka2 Qc2+ 59. Ka1 Qd1+ 60. Ka2 Qd5+ 61. Kb1 fxe5 62. fxe5 Kf3 63. Qd6 Qb3+ 64. Kc1 Kxg3 65. Qd4 Qf3 66. Qg1+ Qg2 0-1

[Event "HUN-chT2 Erkel 0203"]
[Site "Hungary"]
[Date "2003.04.06"]
[Round "10"]
[White "Pfeifer, Tamas"]
[Black "Vrona, Mihail"]
[Result "1-0"]
[WhiteElo "2199"]
[BlackElo "2181"]
[PlyCount "39"]
[EventDate "2002.09.22"]
[EventType "team-tourn"]
[EventRounds "11"]
[EventCountry "HUN"]
[SourceTitle "EXT 2009"]
[Source "ChessBase"]
[SourceDate "2008.11.26"]
[SourceVersion "1"]
[SourceVersionDate "2008.11.26"]
[SourceQuality "1"]

1. e4 e5 2. Nf3 Nc6 3. Be2 g6 4. d4 exd4 5. Nxd4 Bg7 6. Be3 d6 7. Nc3 Bd7 8. Qd2 Nge7 9. h4 h5 10. 0-0-0 0-0 11. f3 Qc8 12. Rdg1 Ne5 13. g4 hxg4 14. f4 N5c6 15. h5 f5 16. Bc4+ Kh7 17. hxg6+ Kxg6 18. exf5+ Bxf5 19. Nxf5 Bxc3 20. Nxe7+ 1-0

[Event "HUN-chT2 Charousek 0203"]
[Site "Hungary"]
[Date "2003.01.19"]
[Round "5.8"]
[White "Pfeifer, Tamas"]
[Black "Klimko, Csaba"]
[Result "1-0"]
[WhiteElo "2199"]
[BlackElo "2165"]
[PlyCount "83"]
[EventDate "2002.09.22"]
[EventType "team-tourn"]
[EventRounds "11"]
[EventCountry "HUN"]
[SourceTitle "EXT 2004"]
[Source "ChessBase"]
[SourceDate "2003.11.25"]
[SourceVersion "1"]
[SourceVersionDate "2003.11.25"]
[SourceQuality "1"]
[WhiteTeam "Penzugyor"]
[BlackTeam "Kiraly Sakk"]
[WhiteTeamCountry "HUN"]
[BlackTeamCountry "HUN"]

1. e4 e5 2. Nf3 Nf6 3. d3 Nc6 4. Be2 Be7 5. 0-0 0-0 6. Nbd2 d5 7. c3 Re8 8. Qc2 Be6 9. a3 a5 10. b3 Qd7 11. Bb2 Rad8 12. Rad1 Qc8 13. b4 axb4 14. cxb4 Bg4 15. Rfe1 Bd6 16. b5 Nb8 17. Bf1 Nbd7 18. h3 Bxf3 19. Nxf3 d4 20. g3 Re7 21. Rc1 Rde8 22. Nd2 Nb6 23. Qb3 Qa8 24. Nc4 Qa4 25. Qxa4 Nxa4 26. Nxd6 cxd6 27. Rc2 Nxb2 28. Rxb2 Rc7 29. h4 Rc3 30. Ra1 Ra8 31. a4 b6 32. a5 bxa5 33. b6 Rb8 34. Rxa5 g6 35. b7 Rc7 36. Ra8 Rcxb7 37. Rxb8+ Rxb8 38. Rxb8+ Kg7 39. Bh3 d5 40. exd5 Nxd5 41. Bg2 Nc3 42. Rb7 1-0

[Event "HUN-chT2 0102"]
[Site "Hungary"]
[Date "2002.04.07"]
[Round "10"]
[White "Pfeifer, Tamas"]
[Black "Juhasz, Mihaly"]
[Result "1-0"]
[WhiteElo "2215"]
[BlackElo "2102"]
[PlyCount "99"]
[EventDate "2001.??.??"]
[EventType "team-tourn"]
[EventRounds "11"]
[EventCountry "HUN"]
[SourceTitle "EXT 2004"]
[Source "ChessBase"]
[SourceDate "2003.11.25"]
[SourceVersion "1"]
[SourceVersionDate "2003.11.25"]
[SourceQuality "1"]

1. e4 g6 2. d4 Bg7 3. g3 c5 4. Ne2 cxd4 5. Nxd4 Nc6 6. Be3 Nf6 7. Bg2 0-0 8. Nc3 d6 9. h3 Qa5 10. 0-0 Bd7 11. Re1 Rfd8 12. Nd5 e6 13. Nb3 Qa6 14. Nc7 Qa4 15. Nxa8 Rxa8 16. Qxd6 Be8 17. Bg5 h6 18. Bd2 Nd7 19. c3 Nde5 20. Qa3 Qb5 21. Nd4 Qd3 22. Nxc6 Bxc6 23. Be3 Bf8 24. Qb3 g5 25. Rad1 Qa6 26. Bd4 Ng6 27. Bf1 Qa5 28. Qc2 e5 29. Be3 a6 30. b4 Qc7 31. Rd2 Be7 32. Red1 Kg7 33. a4 b5 34. a5 Qb7 35. Bg2 Qc8 36. Kh2 Qe6 37. Re1 h5 38. Qd1 h4 39. g4 Nf4 40. Bxf4 gxf4 41. f3 Rc8 42. Qe2 Be8 43. Rc2 Qc6 44. Rec1 Rd8 45. Bf1 Qe6 46. Qe1 Qb3 47. Rg2 Kh6 48. Rcc2 Rc8 49. g5+ Bxg5 50. Rxg5 1-0

[Event "HUN-chT3 0102"]
[Site "Hungary"]
[Date "2002.01.27"]
[Round "6.1"]
[White "Pfeifer, Tamas"]
[Black "Kolus, Lajos"]
[Result "1/2-1/2"]
[WhiteElo "2215"]
[BlackElo "2200"]
[PlyCount "22"]
[EventDate "2001.09.30"]
[EventType "team-tourn"]
[EventRounds "11"]
[EventCountry "HUN"]
[SourceTitle "EXT 2004"]
[Source "ChessBase"]
[SourceDate "2003.11.25"]
[SourceVersion "1"]
[SourceVersionDate "2003.11.25"]
[SourceQuality "1"]

1. e4 d6 2. d4 Nf6 3. Nc3 g6 4. g3 Bg7 5. Bg2 0-0 6. Nge2 Nc6 7. 0-0 e5 8. h3 Re8 9. Be3 Bd7 10. Qd2 exd4 11. Nxd4 Nxd4 1/2-1/2

[Event "HUN-chT2 9900"]
[Site "Hungary"]
[Date "2000.03.26"]
[Round "10"]
[White "Misler, Csaba"]
[Black "Pfeifer, Tamas"]
[Result "1/2-1/2"]
[WhiteElo "2001"]
[BlackElo "2261"]
[PlyCount "53"]
[EventDate "1999.09.26"]
[EventType "team-tourn"]
[EventRounds "11"]
[EventCountry "HUN"]
[SourceTitle "EXT 2002"]
[Source "ChessBase"]
[SourceDate "2001.11.25"]
[SourceVersion "1"]
[SourceVersionDate "2001.11.25"]
[SourceQuality "1"]

1. e4 c5 2. Nf3 d6 3. d4 cxd4 4. Nxd4 Nf6 5. Nc3 g6 6. Be2 Bg7 7. Be3 Nc6 8. 0-0 0-0 9. Nb3 a5 10. a4 Nb4 11. f4 Be6 12. Nd4 Bd7 13. Bf3 Qc8 14. h3 Rd8 15. Qe2 e5 16. fxe5 dxe5 17. Ndb5 Be6 18. b3 Qc6 19. Rad1 Rxd1 20. Rxd1 Bf8 21. Qf2 Nd7 22. Rd2 Bc5 23. Nd5 Bxd5 24. exd5 Qb6 25. Bxc5 Qxc5 26. Qxc5 Nxc5 27. Re2 1/2-1/2

[Event "HUN-chT2 9900"]
[Site "Hungary"]
[Date "1999.09.26"]
[Round "1"]
[White "Rozsa, Peter"]
[Black "Pfeifer, Tamas"]
[Result "1-0"]
[WhiteElo "2217"]
[BlackElo "2261"]
[PlyCount "41"]
[EventDate "1999.09.26"]
[EventType "team-tourn"]
[EventRounds "11"]
[EventCountry "HUN"]
[SourceTitle "EXT 2002"]
[Source "ChessBase"]
[SourceDate "2001.11.25"]
[SourceVersion "1"]
[SourceVersionDate "2001.11.25"]
[SourceQuality "1"]

1. d4 Nf6 2. Nc3 g6 3. e4 d6 4. f4 Bg7 5. e5 Nfd7 6. Ne4 d5 7. Ng3 e6 8. Nf3 b6 9. h4 h5 10. Bd3 Bb7 11. Ng5 Nf8 12. 0-0 Nc6 13. f5 gxf5 14. Bxf5 Qd7 15. Bh3 Bxe5 16. dxe5 Nxe5 17. Bf4 Neg6 18. Be3 f5 19. Bd4 Rh6 20. Qe2 0-0-0 21. Nxf5 1-0

[Event "EU-ch Union SCIPT"]
[Site "Balatonkenese"]
[Date "1999.??.??"]
[Round "6"]
[White "Hamark, Jesper"]
[Black "Pfeifer, Tamas"]
[Result "1-0"]
[WhiteElo "2400"]
[BlackElo "2260"]
[PlyCount "81"]
[EventDate "1999.09.??"]
[EventType "swiss"]
[EventRounds "7"]
[EventCountry "HUN"]
[SourceTitle "EXT 2000"]
[Source "ChessBase"]
[SourceDate "1999.11.16"]
[SourceVersion "1"]
[SourceVersionDate "1999.11.16"]
[SourceQuality "1"]

1. c4 g6 2. g3 Bg7 3. Bg2 d6 4. Nc3 Nf6 5. d3 0-0 6. e4 Nc6 7. Nge2 a6 8. 0-0 Rb8 9. b3 b5 10. Bd2 e5 11. Nd5 Nxd5 12. cxd5 Ne7 13. Rc1 Bd7 14. d4 c6 15. Bb4 Be8 16. dxe5 Bxe5 17. f4 c5 18. fxe5 cxb4 19. exd6 Qxd6 20. Qd4 f6 21. Bh3 g5 22. Be6+ Kg7 23. Qc5 Qxc5+ 24. Rxc5 Ng6 25. Nd4 Ne5 26. Rc7+ Bf7 27. Rfc1 Ra8 28. h3 h5 29. Nf5+ Kg6 30. Rb7 g4 31. h4 a5 32. Rcc7 a4 33. Ra7 axb3 34. axb3 Rxa7 35. Rxa7 Rb8 36. Kf1 Rb6 37. Ke2 Rb8 38. Ke3 Rd8 39. d6 Rxd6 40. Bxf7+ Nxf7 41. Rxf7 1-0

[Event "HUN-chT2 9899"]
[Site "Hungary"]
[Date "1999.??.??"]
[Round "?"]
[White "Pfeifer, Tamas"]
[Black "Juhasz, Mihaly"]
[Result "1/2-1/2"]
[WhiteElo "2305"]
[BlackElo "2215"]
[PlyCount "36"]
[EventDate "1998.??.??"]
[EventType "team-tourn"]
[EventRounds "12"]
[EventCountry "HUN"]
[SourceTitle "EXT 2000"]
[Source "ChessBase"]
[SourceDate "1999.11.16"]
[SourceVersion "1"]
[SourceVersionDate "1999.11.16"]
[SourceQuality "1"]

1. e4 c5 2. Nf3 g6 3. c4 Bg7 4. d4 cxd4 5. Nxd4 Nc6 6. Be3 Nf6 7. Nc3 Ng4 8. Qxg4 Nxd4 9. Qd1 Ne6 10. Rc1 b6 11. g3 Bb7 12. Bg2 f5 13. Qd2 Nc5 14. Bd4 Bxd4 15. Qxd4 0-0 16. 0-0 fxe4 17. Nxe4 Nxe4 18. Bxe4 Qc7 1/2-1/2

[Event "EU-ch Union SCIPT"]
[Site "Balatonkenese"]
[Date "1999.??.??"]
[Round "5"]
[White "Stempin, Pawel"]
[Black "Pfeifer, Tamas"]
[Result "1/2-1/2"]
[WhiteElo "2390"]
[BlackElo "2260"]
[PlyCount "39"]
[EventDate "1999.09.??"]
[EventType "swiss"]
[EventRounds "7"]
[EventCountry "HUN"]
[SourceTitle "EXT 2000"]
[Source "ChessBase"]
[SourceDate "1999.11.16"]
[SourceVersion "1"]
[SourceVersionDate "1999.11.16"]
[SourceQuality "1"]

1. d4 Nf6 2. Nf3 g6 3. c4 Bg7 4. g3 0-0 5. Bg2 d6 6. Nc3 a6 7. 0-0 Nc6 8. b3 Rb8 9. Nd5 Na5 10. Nxf6+ Bxf6 11. Bh6 Re8 12. Rc1 Nc6 13. d5 Ne5 14. Nxe5 Bxe5 15. Qd2 Bd7 16. f4 Bf6 17. b4 c6 18. e4 cxd5 19. exd5 Rc8 20. Kh1 1/2-1/2

[Event "HUN-chT2 9899"]
[Site "Hungary"]
[Date "1998.??.??"]
[Round "?"]
[White "Antal, Jozsef"]
[Black "Pfeifer, Tamas"]
[Result "1/2-1/2"]
[WhiteElo "2170"]
[BlackElo "2305"]
[PlyCount "36"]
[EventDate "1998.??.??"]
[EventType "team-tourn"]
[EventRounds "12"]
[EventCountry "HUN"]
[SourceTitle "EXT 2000"]
[Source "ChessBase"]
[SourceDate "1999.11.16"]
[SourceVersion "1"]
[SourceVersionDate "1999.11.16"]
[SourceQuality "1"]

1. e4 c5 2. Nc3 Nc6 3. d3 d6 4. Be3 g6 5. d4 cxd4 6. Bxd4 Nf6 7. Bxf6 exf6 8. Qd2 a6 9. Nf3 Bg7 10. Bc4 Be6 11. Bb3 0-0 12. 0-0 Qc7 13. Nd5 Bxd5 14. Bxd5 Rac8 15. c3 Ne7 16. Bb3 f5 17. Rfe1 Rcd8 18. Rad1 h6 1/2-1/2

[Event "HUN-chT2 9798"]
[Site "Hungary"]
[Date "1998.??.??"]
[Round "?"]
[White "Gara, Anita"]
[Black "Pfeifer, Tamas"]
[Result "1-0"]
[WhiteElo "2285"]
[BlackElo "2305"]
[PlyCount "45"]
[EventDate "1997.??.??"]
[EventType "team-tourn"]
[EventRounds "11"]
[EventCountry "HUN"]
[SourceTitle "EXT 1999"]
[Source "ChessBase"]
[SourceDate "1998.11.16"]
[SourceVersion "1"]
[SourceVersionDate "1998.11.16"]
[SourceQuality "1"]

1. e4 c5 2. Nf3 d6 3. d4 cxd4 4. Nxd4 Nf6 5. Nc3 a6 6. Be2 e5 7. Nb3 Be7 8. 0-0 0-0 9. Kh1 Be6 10. f4 b5 11. f5 Bc4 12. Bxc4 bxc4 13. Nd2 d5 14. exd5 Nxd5 15. Qf3 Nb6 16. Nxc4 N8d7 17. Nxb6 Nxb6 18. Be3 Nc4 19. Rad1 Qa5 20. Nd5 Rae8 21. f6 Bxf6 22. Nxf6+ gxf6 23. Bh6 1-0

[Event "HUN-chT2 9899"]
[Site "Hungary"]
[Date "1998.??.??"]
[Round "?"]
[White "Jonas, Zsolt"]
[Black "Pfeifer, Tamas"]
[Result "0-1"]
[WhiteElo "2140"]
[BlackElo "2305"]
[PlyCount "142"]
[EventDate "1998.??.??"]
[EventType "team-tourn"]
[EventRounds "12"]
[EventCountry "HUN"]
[SourceTitle "EXT 2000"]
[Source "ChessBase"]
[SourceDate "1999.11.16"]
[SourceVersion "1"]
[SourceVersionDate "1999.11.16"]
[SourceQuality "1"]

1. e4 c5 2. Nf3 d6 3. d4 cxd4 4. Nxd4 Nf6 5. Nc3 g6 6. Be3 Bg7 7. Be2 0-0 8. Qd2 Nc6 9. f3 Bd7 10. g4 Rc8 11. 0-0-0 Ne5 12. Rdg1 Nc4 13. Bxc4 Rxc4 14. h4 Qa5 15. Nde2 Rfc8 16. h5 b5 17. hxg6 fxg6 18. g5 b4 19. gxf6 bxc3 20. Nxc3 Bxf6 21. Qh2 Be6 22. Qxh7+ Kf8 23. Qxg6 Bf7 24. Qh7 Rxc3 25. bxc3 Qxc3 26. Bh6+ Ke8 27. Rg8+ Bxg8 28. Qxg8+ Kd7 29. Qb3 Qa1+ 30. Qb1 Qxb1+ 31. Kxb1 Rb8+ 32. Kc1 Rb2 33. Kd2 Rxa2 34. Rb1 a5 35. Be3 a4 36. Rb7+ Kc6 37. Ra7 a3 38. f4 Ra1 39. Ra5 Bb2 40. Bf2 a2 41. Ba7 Bc1+ 42. Kc3 Bxf4 43. Kb2 Re1 44. Kxa2 Rxe4 45. Kb3 Bd2 46. Rh5 Rb4+ 47. Ka3 Rb7 48. Bg1 e5 49. c4 Rb1 50. Bf2 Rf1 51. Rh2 Bf4 52. Rg2 e4 53. Kb3 e3 54. Bh4 Kc5 55. Kc3 Rc1+ 56. Kd3 Rxc4 57. Bf6 Ra4 58. Rc2+ Kd5 59. Bg7 Ra3+ 60. Ke2 Be5 61. Bh6 Ke4 62. Rc4+ Bd4 63. Bg7 Ra2+ 64. Ke1 Rd2 65. Ra4 Kd5 66. Ra5+ Bc5 67. Ra4 Kc6 68. Bc3 Rd3 69. Ba5 d5 70. Ke2 Rb3 71. Be1 d4 0-1

[Event "HUN-chT2 9798"]
[Site "Hungary"]
[Date "1998.??.??"]
[Round "?"]
[White "Varga, Csaba"]
[Black "Pfeifer, Tamas"]
[Result "1/2-1/2"]
[WhiteElo "2175"]
[BlackElo "2305"]
[PlyCount "113"]
[EventDate "1997.??.??"]
[EventType "team-tourn"]
[EventRounds "11"]
[EventCountry "HUN"]
[SourceTitle "EXT 1999"]
[Source "ChessBase"]
[SourceDate "1998.11.16"]
[SourceVersion "1"]
[SourceVersionDate "1998.11.16"]
[SourceQuality "1"]

1. e4 c5 2. Nf3 d6 3. d4 cxd4 4. Nxd4 Nf6 5. Nc3 g6 6. Bb5+ Nbd7 7. Bg5 Bg7 8. Qd2 0-0 9. Bh6 a6 10. Bxg7 Kxg7 11. Be2 Nc5 12. f3 b5 13. 0-0 Bb7 14. a3 Qb6 15. Qe3 Qc7 16. Rad1 e5 17. Nf5+ Kg8 18. Nxd6 Rad8 19. Nxb7 Nxb7 20. Rxd8 Rxd8 21. Rd1 Re8 22. g4 Na5 23. Rd2 Kg7 24. h4 h6 25. Bf1 Qc8 26. g5 hxg5 27. hxg5 Nh5 28. Nd5 Ng3 29. Qb6 Nxf1 30. Qf6+ Kg8 31. Kxf1 Qh3+ 32. Rg2 Nc4 33. Kf2 Nxb2 34. Ne7+ Rxe7 35. Qxe7 Nd1+ 36. Kg1 Qxf3 37. Qd8+ Kg7 38. Qf6+ Qxf6 39. gxf6+ Kxf6 40. Rd2 Ne3 41. Rd6+ Kg5 42. c3 Kf4 43. Rxa6 Kxe4 44. Rf6 Nd5 45. Rxf7 Nxc3 46. Rg7 Nb1 47. Ra7 Kd3 48. Kf2 Nc3 49. Rg7 g5 50. Rd7+ Kc4 51. Rd8 Kb3 52. Rc8 Ne4+ 53. Ke3 Nd6 54. Rg8 Kxa3 55. Rxg5 Kb3 56. Kd3 e4+ 57. Kd4 1/2-1/2

[Event "HUN-chT2 9495"]
[Site "Hungary"]
[Date "1995.??.??"]
[Round "?"]
[White "Husek, Zdenek"]
[Black "Pfeifer, Tamas"]
[Result "1/2-1/2"]
[WhiteElo "2270"]
[BlackElo "2315"]
[PlyCount "111"]
[EventDate "1994.??.??"]
[EventType "team-tourn"]
[EventRounds "13"]
[EventCountry "HUN"]
[SourceTitle "EXT 1999"]
[Source "ChessBase"]
[SourceDate "1998.11.16"]
[SourceVersion "1"]
[SourceVersionDate "1998.11.16"]
[SourceQuality "1"]

1. d4 Nf6 2. Nf3 g6 3. c4 Bg7 4. Nc3 0-0 5. g3 d6 6. Bg2 Nc6 7. 0-0 a6 8. b3 Rb8 9. Bb2 b5 10. cxb5 axb5 11. Rc1 Bd7 12. h3 Qc8 13. Kh2 Qa6 14. d5 Na5 15. Nd4 c5 16. dxc6 Nxc6 17. Nd5 Nxd5 18. Nxc6 Bxc6 19. Bxg7 Kxg7 20. Bxd5 Bxd5 21. Qxd5 Qxa2 22. Qd4+ Kg8 23. Qd3 Qa5 24. Qe4 Qa7 25. h4 Rbc8 26. Ra1 Qd7 27. Ra5 Rc5 28. Rfa1 Re5 29. Qd3 Qe6 30. e3 Qf5 31. Qe2 Rc5 32. e4 Qe5 33. R1a2 Rfc8 34. Ra8 Rxa8 35. Rxa8+ Kg7 36. Ra5 f5 37. b4 Rc4 38. Qxc4 bxc4 39. Rxe5 dxe5 40. b5 c3 41. b6 c2 42. b7 c1Q 43. b8Q Qc5 44. Kg2 Qd4 45. exf5 gxf5 46. Qc8 Qe4+ 47. Kg1 Kf7 48. Qd7 f4 49. Qg4 Qg6 50. Qf3 h5 51. Kg2 Qg4 52. Qd5+ Kf6 53. Qc6+ Qe6 54. Qf3 Qf5 55. Qc6+ e6 56. Qe8 1/2-1/2

[Event "HUN-chT2 9495"]
[Site "Hungary"]
[Date "1995.??.??"]
[Round "?"]
[White "Pfeifer, Tamas"]
[Black "Laszlo, Janos"]
[Result "1-0"]
[WhiteElo "2315"]
[BlackElo "2250"]
[PlyCount "115"]
[EventDate "1994.??.??"]
[EventType "team-tourn"]
[EventRounds "13"]
[EventCountry "HUN"]
[SourceTitle "EXT 1999"]
[Source "ChessBase"]
[SourceDate "1998.11.16"]
[SourceVersion "1"]
[SourceVersionDate "1998.11.16"]
[SourceQuality "1"]

1. e4 d5 2. exd5 Qxd5 3. Nc3 Qa5 4. Nf3 Nf6 5. h3 Bf5 6. Bb5+ c6 7. Bc4 e6 8. 0-0 Bd6 9. d4 Nbd7 10. Nh4 Bg6 11. Nxg6 hxg6 12. Rb1 0-0 13. f4 b5 14. Bb3 Qc7 15. Qf3 a6 16. Ne4 Nxe4 17. Qxe4 c5 18. c3 Nf6 19. Qf3 c4 20. Bc2 Rab8 21. a3 a5 22. Bd2 Rfd8 23. g4 b4 24. axb4 axb4 25. Kg2 Rb5 26. h4 Rdb8 27. Rh1 Qb7 28. Qxb7 R8xb7 29. g5 Nd5 30. Kf3 bxc3 31. bxc3 Ba3 32. Be4 Bb2 33. Bxd5 exd5 34. Rbe1 Rb8 35. h5 gxh5 36. Rxh5 g6 37. Rh2 Rb3 38. Re3 Ba3 39. Kg4 Bf8 40. Re5 R3b5 41. f5 gxf5+ 42. Rxf5 Bg7 43. Re2 Rb2 44. Ref2 R8b7 45. Rxd5 R2b6 46. Rc5 f6 47. Rxc4 fxg5 48. Bxg5 Kh7 49. Rc8 Kg6 50. Re2 Rd7 51. Re4 Rd5 52. Be3 Rdd6 53. d5 Rb3 54. c4 Kh7 55. Rc6 Rd7 56. Rce6 Rb4 57. d6 Bf8 58. Re7+ 1-0